[Event "Southcoast Autumn C"]
[Site "Greve"]
[Date "1999.10.23"]
[Round "3"]
[White "Feely, William"]
[Black "Jensen, Jan Kargaard"]
[Result "1-0"]
[WhiteElo "1746"]
[BlackElo "1687"]
[PlyCount "115"]
[EventDate "1999.10.22"]
[EventType "tourn"]
[EventRounds "5"]
[EventCountry "DEN"]
[SourceTitle "EXT 2023"]
[Source "ChessBase"]
[SourceDate "2022.10.05"]
[SourceVersion "1"]
[SourceVersionDate "2022.10.05"]
[SourceQuality "1"]

1. e4 e6 2. d4 d5 3. Nc3 Bb4 4. e5 c5 5. a3 Bxc3+ 6. bxc3 Ne7 7. Qg4 cxd4 8. cxd4 Qc7 9. Kd1 Nbc6 10. Bd3 Bd7 11. Ne2 g6 12. Qf4 0-0-0 13. Qxf7 Rdf8 14. Qg7 Rfg8 15. Qh6 Nf5 16. Bxf5 gxf5 17. g3 Rg6 18. Qe3 h5 19. h4 Na5 20. Qc3 Qxc3 21. Nxc3 Nc4 22. Ke2 b6 23. Kd3 Rh7 24. Rb1 a6 25. Rb3 Be8 26. Bf4 Rgg7 27. Rhb1 Rb7 28. Bc1 f4 29. Bxf4 Bg6+ 30. Ke2 Bxc2 31. Bg5 Rhc7 32. f3 Bxb1 33. Nxb1 Na5 34. Rc3 b5 35. Bd2 Nc4 36. g4 Rh7 37. g5 Kd7 38. Bc1 a5 39. Rb3 Ke8 40. Nd2 Rhc7 41. Rb1 Kf7 42. Nb3 b4 43. Nc5 Rb6 44. a4 Nxe5 45. Bf4 Rc8 46. Bxe5 Kg6 47. Bf6 Rbc6 48. Kd2 Kf5 49. Ke3 e5 50. Nd3 exd4+ 51. Kxd4 Rc4+ 52. Kxd5 Rxh4 53. Nc5 Rh3 54. Nb7 Rxf3 55. Nd6+ Kg4 56. Nxc8 h4 57. g6 Rxf6 58. g7 1-0